000 00832nam a2200265Ia 4500
003 OSt
005 20220918172008.0
006 a|||||r|||| 00| 0
007 ta
008 220917b |||||||| |||| 00| 0 eng d
020 _a9789004152021 (pbk)
_c2513.15
024 _a236,391
037 _b26099, 25/08/2008, Segment Book Distributors
_cTextual
040 _aARTS
_cARTS
_beng
041 _2eng
_aeng
082 _aJ(Y33).687, P6
100 _aFoeken Dick
_939727
245 0 _aTo subsidese my income
_b Urban farming in an East-African town
260 _aLeiden
_bBrill
_c2006
300 _axvi,223p.
_ccm.
490 _aAfrika srudiecentrum
650 _aAGRICULTURE
_927
942 _hJ(Y33).687, P6
_cTEXL
_2CC
999 _c142186
_d142186